000 00280nam a2200109Ia 4500
005 20251222114339.0
008 251222s1900||||xx |||||||||||||| ||spa||
082 _aDVD0092/S25A/2006
245 0 _aApariciones marianas.
264 _bCastillejo, Christian. Salas, Raúl.
942 _cDVD
999 _c792
_d792